000
00289nam a22001097a 4500
008
170126b xxu||||| |||| 00| 0 eng d
020
_a
9780397584611
041
_a
eng
080
_2
3RD
_a
61
245
_a
HUMAN BEHAVIOUR/ AN INTRODUCTION FOR MEDICAL STUDENTS
_c
STOUDEMIRE, A
942
_2
udc
_c
BK
999
_c
3733
_d
3733